[Event "Baia Mare Maramures op"]
[Site "Baia Mare"]
[Date "2023.09.01"]
[Round "3"]
[White "Mutiu, Alexandru Andrei"]
[Black "Strugari, Vasile"]
[Result "0-1"]
[WhiteElo "1467"]
[BlackElo "1862"]
[PlyCount "144"]
[EventDate "2023.08.31"]
[EventType "swiss"]
[EventRounds "9"]
[EventCountry "ROU"]
[SourceTitle "EXT 2024"]
[Source "ChessBase"]
[SourceDate "2023.10.10"]
[SourceVersion "1"]
[SourceVersionDate "2023.10.10"]
[SourceQuality "1"]

1. e4 Nf6 2. e5 Nd5 3. d4 d6 4. c4 Nb6 5. f4 dxe5 6. fxe5 Bf5 7. Nf3 e6 8. Bd3 Bg4 9. Be4 Nc6 10. Bxc6+ bxc6 11. c5 Nd5 12. 0-0 Be7 13. Nc3 0-0 14. h3 Bh5 15. g4 Bg6 16. Nxd5 cxd5 17. Qa4 Kh8 18. Bd2 f5 19. g5 f4 20. h4 h6 21. Rf2 hxg5 22. hxg5 Be4 23. Rh2+ Kg8 24. Kf2 Bxg5 25. Rg1 Be7 26. Qd1 Kf7 27. Rhg2 Bh4+ 28. Ke2 Bxf3+ 29. Kxf3 g5 30. Qc2 Qe7 31. c6 Ke8 32. a3 Qf7 33. Bb4 Rh8 34. Rg4 Qf5 35. Qxf5 exf5 36. R4g2 Bg3 37. Rxg3 fxg3 38. Rxg3 Rg8 39. Bd2 g4+ 40. Kf4 Ke7 41. Rg2 g3 42. Rxg3 Rxg3 43. Kxg3 Rb8 44. Bb4+ Ke6 45. Kf4 a6 46. Kf3 Rb6 47. Kf4 Rxc6 48. Bc5 a5 49. b4 axb4 50. axb4 Ra6 51. b5 Ra1 52. b6 cxb6 53. Bxb6 Rf1+ 54. Ke3 Re1+ 55. Kf3 Re4 56. Ba7 Kf7 57. Bc5 Kg6 58. Bb6 Kh5 59. Ba7 f4 60. Bc5 Kg5 61. Be7+ Kf5 62. Bc5 Re3+ 63. Kf2 Kg4 64. Bb4 Rb3 65. Ba5 Rb2+ 66. Kf1 Kf3 67. Bc3 Rb1+ 68. Be1 Ke4 69. e6 Kxd4 70. e7 Rb8 71. Bf2+ Kd3 72. Bb6 Re8 0-1

[Event "Baia Mare Maramures op"]
[Site "Baia Mare"]
[Date "2023.09.01"]
[Round "4"]
[White "Strugari, Vasile"]
[Black "Butuza, Stefan Aurelian"]
[Result "1/2-1/2"]
[WhiteElo "1862"]
[BlackElo "1504"]
[PlyCount "68"]
[EventDate "2023.08.31"]
[EventType "swiss"]
[EventRounds "9"]
[EventCountry "ROU"]
[SourceTitle "EXT 2024"]
[Source "ChessBase"]
[SourceDate "2023.10.10"]
[SourceVersion "1"]
[SourceVersionDate "2023.10.10"]
[SourceQuality "1"]

1. Nf3 d5 2. d4 e6 3. g3 c5 4. Bg2 Nc6 5. 0-0 Nf6 6. b3 Be7 7. Bb2 0-0 8. e3 b6 9. c4 Bb7 10. Nbd2 cxd4 11. exd4 Qc7 12. Rc1 Ba6 13. Ne5 Rac8 14. cxd5 Bxf1 15. Rxc6 Qb7 16. Qxf1 Nxd5 17. Rxc8 Rxc8 18. Ndc4 Qa6 19. Qb1 b5 20. Bxd5 exd5 21. Ne3 Qe6 22. Kg2 Bb4 23. Qd3 a6 24. f4 f6 25. f5 Qe7 26. N5g4 Qe4+ 27. Qxe4 dxe4 28. Nf2 Bc3 29. Bxc3 Rxc3 30. Nfd1 Rd3 31. d5 Kf7 32. Kf2 Rd2+ 33. Ke1 Rxa2 34. Nb2 Rxb2 1/2-1/2

[Event "Cluj Napocensis Rapid op 40th"]
[Site "Cluj"]
[Date "2022.06.18"]
[Round "2"]
[White "Ileana, George"]
[Black "Strugari, Vasile"]
[Result "1-0"]
[WhiteElo "2032"]
[BlackElo "1702"]
[PlyCount "107"]
[EventDate "2022.06.18"]
[EventType "swiss (rapid)"]
[EventRounds "7"]
[EventCountry "ROU"]
[SourceTitle "EXT 2024"]
[Source "ChessBase"]
[SourceDate "2023.10.10"]
[SourceVersion "1"]
[SourceVersionDate "2023.10.10"]
[SourceQuality "1"]

1. e4 Nf6 2. e5 Nd5 3. Nf3 d6 4. d4 g6 5. Be2 Bg7 6. 0-0 0-0 7. h3 Nb6 8. a4 a5 9. Nc3 Nc6 10. Bf4 Bf5 11. exd6 exd6 12. Re1 Nb4 13. Rc1 Re8 14. Qd2 N6d5 15. Nxd5 Nxd5 16. Bh2 h6 17. Bc4 Nb6 18. Bb3 Qd7 19. Rxe8+ Rxe8 20. Qxa5 g5 21. Qb4 Qc6 22. a5 Nd5 23. Qc4 Qxc4 24. Bxc4 Nf6 25. Nd2 Kf8 26. f3 Nd7 27. c3 Nb8 28. Kf1 Bd7 29. Re1 f5 30. Rxe8+ Kxe8 31. Ke2 Ke7 32. b4 c6 33. Bd3 Na6 34. Nb3 f4 35. Bg1 d5 36. Bf2 Nc7 37. h4 Kf6 38. hxg5+ hxg5 39. g3 Ne6 40. g4 Bf8 41. Bf5 Be8 42. Kd3 Bg6 43. Bxg6 Kxg6 44. Nc5 Bxc5 45. dxc5 Nc7 46. Bd4 Kf7 47. Be5 Ne6 48. c4 dxc4+ 49. Kxc4 Ke7 50. b5 Kd7 51. Kb4 cxb5 52. Kxb5 Nd8 53. Kb6 Nc6 54. Bf6 1-0

[Event "Cluj Spring Cup"]
[Site "Cluj"]
[Date "2022.05.21"]
[Round "2"]
[White "Strugari, Vasile"]
[Black "Balaceanu, David"]
[Result "0-1"]
[WhiteElo "1869"]
[BlackElo "1569"]
[PlyCount "64"]
[EventDate "2022.05.20"]
[EventType "swiss"]
[EventRounds "6"]
[EventCountry "ROU"]
[SourceTitle "EXT 2023"]
[Source "ChessBase"]
[SourceDate "2022.10.05"]
[SourceVersion "1"]
[SourceVersionDate "2022.10.05"]
[SourceQuality "1"]

1. d4 Nf6 2. Nf3 g6 3. c4 Bg7 4. g3 0-0 5. Bg2 d6 6. 0-0 Nc6 7. Nc3 e5 8. d5 Ne7 9. e4 h6 10. Ne1 Nd7 11. Be3 f5 12. Nd3 b6 13. Qd2 Kh7 14. f3 Nc5 15. b4 Nxd3 16. Qxd3 f4 17. Bf2 fxg3 18. hxg3 g5 19. Be3 Ng6 20. Qd2 g4 21. f4 exf4 22. gxf4 Qh4 23. Rac1 g3 24. Bh1 Bh3 25. Rf3 Bg4 26. Rff1 Nxf4 27. Bf3 Nh3+ 28. Kg2 Bxf3+ 29. Rxf3 Rxf3 30. Kxf3 Rf8+ 31. Kg2 Nf4+ 32. Kg1 g2 0-1

[Event "Baia Mare Castanelor Cup 7th"]
[Site "Baia Mare"]
[Date "2021.11.29"]
[Round "9"]
[White "Minescu, Dragos Olivar"]
[Black "Strugari, Vasile"]
[Result "1-0"]
[WhiteElo "2037"]
[BlackElo "1872"]
[PlyCount "43"]
[EventDate "2021.11.28"]
[EventType "swiss (rapid)"]
[EventRounds "9"]
[EventCountry "ROU"]
[SourceTitle "CBM 205 Extra"]
[Source "ChessBase"]
[SourceDate "2022.01.31"]
[SourceVersion "1"]
[SourceVersionDate "2022.01.31"]
[SourceQuality "1"]

1. c4 e6 2. Nc3 d5 3. d4 Nf6 4. Nf3 Nbd7 5. Bg5 c6 6. e3 Be7 7. Qc2 h6 8. Bh4 a6 9. a3 0-0 10. Rd1 Re8 11. Bd3 dxc4 12. Bxc4 b5 13. Ba2 Qb6 14. 0-0 c5 15. dxc5 Nxc5 16. Bb1 Bb7 17. Bxf6 Bxf6 18. b4 Na4 19. Nxa4 bxa4 20. Qh7+ Kf8 21. Rd7 g6 22. Qxf7# 1-0

[Event "Baia Mare Castanelor Cup 7th"]
[Site "Baia Mare"]
[Date "2021.11.28"]
[Round "5"]
[White "Iuga, Ioan Alexandru"]
[Black "Strugari, Vasile"]
[Result "0-1"]
[WhiteElo "1780"]
[BlackElo "1872"]
[PlyCount "98"]
[EventDate "2021.11.28"]
[EventType "swiss (rapid)"]
[EventRounds "9"]
[EventCountry "ROU"]
[SourceTitle "CBM 205 Extra"]
[Source "ChessBase"]
[SourceDate "2022.01.31"]
[SourceVersion "1"]
[SourceVersionDate "2022.01.31"]
[SourceQuality "1"]

1. e4 c6 2. d4 d5 3. e5 Bf5 4. h4 h5 5. c4 e6 6. Nc3 Ne7 7. Bd3 dxc4 8. Bxc4 Nd5 9. Nge2 Be7 10. g3 Nd7 11. Nf4 Nxf4 12. Bxf4 Nb6 13. Be2 Bg6 14. Qd2 Nd5 15. Nxd5 Qxd5 16. 0-0 Bf5 17. Qe3 Rd8 18. Rfd1 Bc2 19. Rd2 Ba4 20. b3 Bb5 21. Bf3 Qd7 22. a4 Ba6 23. Qc3 g6 24. Rb1 0-0 25. b4 Rc8 26. Rdb2 b6 27. Qe3 Rfd8 28. b5 Bb7 29. bxc6 Bxc6 30. Bxc6 Rxc6 31. Qe4 Rc4 32. Be3 Rxa4 33. Qc2 Rc8 34. Qd2 Rac4 35. Ra1 Qc7 36. Rba2 a5 37. Rb2 Rc2 38. Rxc2 Qxc2 39. Ra2 Qxd2 40. Rxd2 b5 41. Rb2 b4 42. Ra2 b3 43. Rb2 a4 44. Kf1 Rc3 45. Ke1 a3 46. Rb1 a2 47. Rd1 b2 48. Bd2 Rd3 49. Ke2 Rxd2+ 0-1